000 01313nam2a2200313 4500
001 RU\NLR\BIBL_A\010705443
005 20250806205232.0
035 _a(NLR Aleph) 010705443
090 _a51423
_c51423
100 _a20250806 rusy50
101 0 _arus
102 _aRU
135 _acrgn 008anaba
200 0 _a1942, № 2 (22 сент.)
210 _d1942
325 1 _aКопия доступна в электронной библиотеке РНБ
461 0 _1001RU\NLR\BIBL_A\010696311
_12001#$aЗа победу в соревновании$v1942, № 2 (22 сент.)
852 _aNLR
_jОдн1942/15
856 0 _uhttp://vivaldi.nlr.ru/pn000150830/view
856 1 _uhttp://vivaldi.nlr.ru/pn000150830/cover
856 2 _uhttp://vivaldi.nlr.ru/pn000150830/text
901 _eГазеты
942 _cISSNP
945 _aРоссийская национальная библиотека
980 _aNB
980 _aBV
981 3 7 _a(37) Ленинград в Великой Отечественной войне
_b(37) Газеты блокадного Ленинграда
981 2 7 _a(27) Периодические издания
_b(27) Газеты